Biblioteka Instytutu Północnego w Olsztynie

Widok standardowy Widok MARC

Pozycja Corporate Name

Liczba rekordów, w których użyto hasła: 1

001 - Numer kontrolny

  • control field: 40747

003 - Identyfikator numeru kontrolnego

  • control field: NUKAT

005 - Data i czas ostatniej modyfikacji

  • control field: 20260428092521.0

008 - Dane kontrolne kodowane (40 znaków)

  • fixed length control field: 050120n||azznnbabn |a ana |

010 ## - Numer kontrolny Biblioteki Kongresu

  • numer kontrolny LC: p 2004400031

024 7# - OTHER STANDARD IDENTIFIER

  • Standard number or code: 140094734
  • Source of number or code: viaf

035 ## - Numer systemowy

  • numer systemowy: a10022636

035 ## - Numer systemowy

  • numer systemowy: (PL)a0000001002263

040 ## - Instytucja sporządzająca rekord

  • inst. przygot. dane do rek. khw: WA N
  • język haseł przedmiotowych/tezaurus: DBN
  • inst. wprow. rek. khw: WA N

043 ## - Kod obszaru geograficznego

  • ISO code: US

110 2# - Hasło - nazwa ciała zbiorowego

  • nazwa ciała zbior. lub geogr. na pocz.: CIA

368 ## - Other Attributes

  • Corp type: Agencje wywiadowcze

370 ## - Associated place

  • Country: Stany Zjednoczone (USA)

377 ## - Assoc lang

  • Lang code: eng

410 2# - Trop zob. - nazwa ciała zbiorowego

  • nazwa ciała zbior. lub geogr. na pocz.: Central Intelligence Agency

410 2# - Trop zob. - nazwa ciała zbiorowego

  • nazwa ciała zbior. lub geogr. na pocz.: Centralna Agencja Wywiadowcza

510 2# - Trop zob. też - nazwa ciała zbiorowego

  • podpole kontrolne: g
  • nazwa ciała zbior. lub geogr. na pocz.: Intelligence Community

550 ## - Trop zob. też - nazwa pospolita

  • nazwa posp. lub nazwa geogr. na pocz.: Agenci CIA

550 ## - Trop zob. też - nazwa pospolita

  • nazwa posp. lub nazwa geogr. na pocz.: MKUltra

670 ## - Źródło informacji

  • źródło informacji: Wikipedia
Biblioteka Instytutu Północnego, ul. Partyzantów 87, 10-402 Olsztyn, email: biblioteka(at)ip.olsztyn.pl